000 00636nam a22001937a 4500
005 20251108170604.0
008 250721s2001 xx 000 0 ara d
082 1 4 _a792.9/حبي
100 1 _aحبيب، عباس داخل
245 1 0 _aرسالة بأنامل القدم :
_bمسودة لعرض مسرحي /
264 1 _aعمان :
_bأزمنة للنشر و التوزيع،
_c2001.
300 _a65ص.
490 0 _aإبداعيات عربية : مسرح
650 1 7 _aالمسرحيات العربية
650 1 7 _aالنص المسرحي
650 1 7 _aالإنتاج المسرحي
942 _2ddc
_cBK
999 _c44212
_d44212